000 01310namaa2200325 i 4500
003 EG-GICUC
005 20260415140038.0
008 260415s1993 mr |||jr|||| 000 0 ara d
017 _a1993 / 247
_bالمكتبة الوطنية (المغرب)
040 _aEG-GiCUC
_bara
_cEG-GiCUC
_dEG-GiCUC
_erda
082 0 4 _221
_a811.009
_bT176
092 0 4 _221
_a811.009
_bT176
099 _a811.009 T176
100 1 _aالطرابلسى، أمجد
_eمؤلف.
245 1 _aنقد الشعر عند العرب حتى القرن الخامس للهجرة /
_cالدكتور أمجد الطرابلسى ؛ ترجمة ادريس بلمليح.
250 _aالطبعة الاولى
264 _aالدار البيضاء (المغرب) :
_bدار توبقال للنشر،
_c1993.
300 _a253 صفحة ؛
_c23 سم
336 _2rdacontent
_atext
337 _2rdamedia
_aUnmediated
338 _2rdacarrier
_avolume
490 _aالمعرفة الادبية
504 _aيشتمل على ارجاعات ببليوجرافية.
541 _aد. جابر عصفور ؛
_bالقاهرة ؛
_cإهداء ؛
_d2024.
650 1 7 _aالشعر العربى
_xتاريخ ونقد
_2qrmak
651 1 _2qrmak
700 1 _aبلمليح، ادريس
_eمترجم.
905 _aAya
942 _2ddc
_cBK
_e21
_n0
999 _c179509
_d179509